000 00480nam a2200193Ia 4500
003 GCL
008 140319s9999 xx 000 0 aRus d
040 _aGCL /
_cGCL
082 0 4 _a863
_bG E
100 1 _aGOYTISOLO, LUIS
245 1 0 _aESTATUA CON PALOMES /
_cGOYTISOLO, LUIS
260 _a[S.N] :
_bCONSELL DE CENT ،
_c1992
300 _a346
650 0 4 _aLITERATURE
650 0 4 _aFICTION
650 0 4 _aSPANISH LITERATURE
650 0 4 _aSPANISH FICTION
942 _2ddc
_cBK
999 _c12814
_d12814